Czy rozpoznasz władcę Polski na podstawie portretu?? - Statystyki

Ogólne statystyki
  • Ten quiz został rozwiązany 29 razy
  • Średni wynik to 8 z 16
Statystyki odpowiedzi
Obrazkowy Odpowiedź % Poprawnych
Mieszko I
100%
Anna Jagiellonka
80%
Stefan Batory
76%
Jadwiga Andegaweńska
72%
August II Mocny
56%
Mieszko III Stary
56%
Przemysł II
56%
Bolesław III Krzywousty
52%
Władysław I Herman
44%
August III Sas
40%
Mieszko II Lambert
36%
Jan II Kazimierz Waza
32%
Leszek Biały
32%
Kazimierz II Sprawiedliwy
28%
Siemowit
16%
Zygmunt II August
16%
Nie znaleziono quizów pasujących do podanych kryteriów
Rozkład punktacji
Procent ludzi z każdym wynikiem
Percentyl według liczby udzielonych odpowiedzi
Twoja historia wyników
Nie rozwiązałeś tego quizu